[Event "Tenerife-chT Preferente 1718"]
[Site "Tenerife"]
[Date "2017.12.02"]
[Round "3.4"]
[White "Schneider Sanchez, Carlos Domingo"]
[Black "Kramer, Kurt Melik"]
[Result "1/2-1/2"]
[WhiteElo "2005"]
[BlackElo "1972"]
[PlyCount "113"]
[EventDate "2017.11.11"]
[EventType "team-tourn"]
[EventRounds "14"]
[EventCountry "ESP"]
[SourceTitle "EXT 2019"]
[Source "ChessBase"]
[SourceDate "2018.10.10"]
[SourceVersion "1"]
[SourceVersionDate "2018.10.10"]
[SourceQuality "1"]
[WhiteTeam "Rey Ahogado"]
[BlackTeam "Ebano Casa Venezuela"]
[WhiteTeamCountry "ESP"]
[BlackTeamCountry "ESP"]

1. Nf3 d5 2. g3 Nf6 3. Bg2 Bf5 4. c4 c6 5. Qb3 Qc8 6. cxd5 cxd5 7. Nc3 e6 8. d4 Nc6 9. Bf4 Nh5 10. Be3 Be7 11. 0-0 h6 12. Rac1 0-0 13. Na4 Nf6 14. Ne5 Nd7 15. Nxc6 bxc6 16. Qc3 Nb6 17. Nc5 Bxc5 18. dxc5 Nd7 19. Bf4 e5 20. Bxe5 Nxe5 21. Qxe5 Re8 22. Qd4 Rxe2 23. Bf3 Re7 24. Rfe1 Qe8 25. Rxe7 Qxe7 26. b4 Re8 27. Bg2 Qe2 28. h4 Be4 29. a4 Bxg2 30. Kxg2 Re4 31. Qd1 Qxd1 32. Rxd1 Rxb4 33. Ra1 Rc4 34. Rb1 Rxc5 35. Rb8+ Kh7 36. Rb7 Ra5 37. Rxf7 Rxa4 38. Rc7 Rc4 39. Rxa7 Kg6 40. Kf3 Kf6 41. h5 g6 42. g4 gxh5 43. gxh5 Kg5 44. Rg7+ Kxh5 45. Kg3 Rc1 46. Kf4 Rc4+ 47. Kf5 d4 48. Ke4 c5 49. f4 d3+ 50. Kxd3 Rxf4 51. Ke3 Rg4 52. Rc7 c4 53. Kf3 Kh4 54. Kf2 h5 55. Rc5 Rf4+ 56. Ke3 Kg4 57. Rxh5 1/2-1/2

[Event "Tenerife-chT Preferente 1718"]
[Site "Tenerife"]
[Date "2017.11.18"]
[Round "2.4"]
[White "Kramer, Kurt Melik"]
[Black "Rodriguez Perez, Mauro"]
[Result "1-0"]
[WhiteElo "1972"]
[BlackElo "1901"]
[PlyCount "35"]
[EventDate "2017.11.11"]
[EventType "team-tourn"]
[EventRounds "14"]
[EventCountry "ESP"]
[SourceTitle "EXT 2019"]
[Source "ChessBase"]
[SourceDate "2018.10.10"]
[SourceVersion "1"]
[SourceVersionDate "2018.10.10"]
[SourceQuality "1"]
[WhiteTeam "Ebano Casa Venezuela"]
[BlackTeam "Canarias 64"]
[WhiteTeamCountry "ESP"]
[BlackTeamCountry "ESP"]

1. d4 Nf6 2. c4 e6 3. g3 Bb4+ 4. Nd2 0-0 5. Bg2 d5 6. Qc2 c5 7. dxc5 Bxc5 8. Ngf3 Qb6 9. 0-0 Ng4 10. e3 Bxe3 11. fxe3 Qxe3+ 12. Kh1 Nf2+ 13. Rxf2 Qxf2 14. b3 Nc6 15. Ba3 Re8 16. Ng5 f5 17. cxd5 Nd4 18. Qc7 1-0

[Event "Santa Cruz de Tenerife Autumn op"]
[Site "Santa Cruz de Tenerife"]
[Date "2017.10.11"]
[Round "2"]
[White "Kramer, Kurt Melik"]
[Black "Hernandez Leon, Sergio"]
[Result "1/2-1/2"]
[WhiteElo "1810"]
[BlackElo "2094"]
[PlyCount "29"]
[EventDate "2017.10.09"]
[EventType "swiss"]
[EventRounds "9"]
[EventCountry "ESP"]
[SourceTitle "CBM 181 Extra"]
[Source "ChessBase"]
[SourceDate "2017.12.12"]
[SourceVersion "1"]
[SourceVersionDate "2017.12.12"]
[SourceQuality "1"]

1. d4 Nf6 2. c4 e6 3. g3 Bb4+ 4. Bd2 Qe7 5. Bg2 0-0 6. Qb3 Bxd2+ 7. Nxd2 Nc6 8. Ngf3 d6 9. 0-0 a5 10. e4 e5 11. d5 Nb8 12. Qc2 Na6 13. a3 Bd7 14. b3 Rfc8 15. Rfc1 1/2-1/2

[Event "Tenerife-chT Segunda 1617"]
[Site "Tenerife"]
[Date "2017.05.06"]
[Round "14.2"]
[White "Kramer, Kurt Melik"]
[Black "Pacheco Yumar, Pedro Javier"]
[Result "1-0"]
[WhiteElo "1742"]
[BlackElo "1283"]
[PlyCount "93"]
[EventDate "2016.12.10"]
[EventType "team-tourn"]
[EventRounds "15"]
[EventCountry "ESP"]
[SourceTitle "EXT 2018"]
[Source "ChessBase"]
[SourceDate "2017.10.13"]
[SourceVersion "1"]
[SourceVersionDate "2017.10.13"]
[SourceQuality "1"]
[WhiteTeam "Laguna Cotelec III"]
[BlackTeam "Casa de Venezuela Ebano III"]
[WhiteTeamCountry "ESP"]
[BlackTeamCountry "ESP"]

1. d4 c5 2. d5 e6 3. c4 exd5 4. cxd5 d6 5. Nc3 Nf6 6. e4 Bg4 7. Bb5+ Nbd7 8. f3 Bh5 9. a4 a6 10. Be2 Be7 11. Nh3 0-0 12. 0-0 Ne8 13. g4 Bg6 14. Be3 Bf6 15. Qd2 h6 16. Nf4 Bh7 17. Rfc1 Nc7 18. Rab1 Qe7 19. b4 b6 20. bxc5 bxc5 21. Rb7 Rfc8 22. Rcb1 Rab8 23. R1b3 Qd8 24. Nh5 Be7 25. Nd1 Bg6 26. Nf4 Bh7 27. Nb2 Rxb7 28. Rxb7 Ne5 29. Nc4 Nxc4 30. Bxc4 Rb8 31. Qb2 Rxb7 32. Qxb7 a5 33. Bd2 Na8 34. Qb5 Bg5 35. Bxa5 Qe7 36. Qb8+ Qf8 37. Qxf8+ Kxf8 38. Ng2 g6 39. Bb5 f5 40. Kf2 fxe4 41. fxe4 Bf6 42. Bc6 Be5 43. h3 g5 44. Kf3 Bd4 45. Bxa8 c4 46. Ne3 c3 47. Nc2 1-0